| 000 | 01285cam a2200337 i 4500 | ||
|---|---|---|---|
| 001 | 768714001 | ||
| 003 | CO-MdFUSB | ||
| 005 | 20220308120627.0 | ||
| 007 | ta | ||
| 008 | 750602t1920 enk 000 0 eng | ||
| 020 | _a[No incluye ISBN] | ||
| 040 |
_aDLC _cCO-MdFUSB _dDLC _bspa _erda |
||
| 041 | _aeng | ||
| 082 |
_223 _a232.921 _bT246 |
||
| 100 | 1 |
_aTaylor, Vincent, _d1887-1968. _eautor |
|
| 245 | 0 | 4 |
_aThe historical evidence for the virgin birth _c/ Vincent Taylor |
| 264 | 1 |
_aOxford : _bThe Clarendon Press, _c[1920] |
|
| 264 | 4 | _c© 1920 | |
| 300 |
_a136 páginas ; _c23 cm. |
||
| 336 |
_2rdacontent _atexto _btxt |
||
| 337 |
_2rdamedia _asin mediación _bn |
||
| 338 |
_2rdacarrier _avolumen _bnc |
||
| 505 | _aEl nacimiento virginal y el Nuevo Testamento fuera del primer y tercer Evangelio. -- El nacimiento virginal y el tercer Evangelio. -- San Lucas y el nacimiento virginal. -- El lugar del nacimiento virginal en el tercer Evangelio. -- El nacimiento virginal y el primer Evangelio. -- El problema textual de Mateo. -- La cuestión histórica: sus límites y orientaciones. | ||
| 563 | _aTapa dura | ||
| 600 | 0 | 7 | _aJesucristo |
| 653 | _aNacimiento virginal | ||
| 942 | _cBK | ||
| 945 | _aJTF-925 | ||
| 999 |
_c66661 _d66661 |
||